000 00706nam a2200241Ia 4500
003 OSt
005 20221002055451.0
006 a|||||r|||| 00| 0
007 ta
008 220930b |||||||| |||| 00| 0 san d
024 _a106534
037 _cReference Collections
040 _aCRL
_cCRL
_bsan
041 _2san
_asan
082 _aO15xk2, 152N0.3(RR)
100 _aLalitprabhsagar Mahipadhayaya Ed.
_9577305
245 0 _aSanskrit sukti kosh
260 _aJodhpur
_bGagr & Co. India
_c1990
300 _a379p.
_ccm.
650 _aSANSKRIT LITERATURE
942 _hO15xk2, 152N0.3(RR)
_cref
_2CC
999 _c927763
_d927763